[Event "Rome Accademia Winter"]
[Site "Rome"]
[Date "2010.02.14"]
[Round "5"]
[White "Ottaviani, Gianluca"]
[Black "Bonaposta, Fabrizio"]
[Result "0-1"]
[WhiteElo "1914"]
[BlackElo "2047"]
[PlyCount "80"]
[EventDate "2010.02.12"]
[EventType "swiss"]
[EventRounds "5"]
[EventCountry "ITA"]
[SourceTitle "EXT 2024"]
[Source "ChessBase"]
[SourceDate "2023.10.10"]
[SourceVersion "1"]
[SourceVersionDate "2023.10.10"]
[SourceQuality "1"]

1. e4 c5 2. Nf3 Nc6 3. d4 cxd4 4. Nxd4 e6 5. Nb5 d6 6. c4 Nf6 7. N1c3 a6 8. Na3 Be7 9. Be2 0-0 10. Be3 Ne5 11. 0-0 b6 12. f3 Bb7 13. Qd2 Qc7 14. Rfd1 Rfd8 15. Rac1 Rac8 16. Bf1 Bf8 17. Qf2 Ned7 18. Nc2 Re8 19. Rd2 Qb8 20. Rcd1 Ne5 21. Na3 d5 22. exd5 Neg4 23. fxg4 Nxg4 24. Qh4 Nxe3 25. Bd3 g6 26. Ne4 Bg7 27. Ng5 h6 28. Nxf7 Kxf7 29. Bxg6+ Kxg6 30. Qe4+ Nf5 31. g4 Qe5 32. gxf5+ exf5 33. Rg2+ Kh7 34. Qh4 Qf6 35. Qg3 Re4 36. h3 Rce8 37. Rf1 Re3 38. Qf4 Rxh3 39. Qxf5+ Qxf5 40. Rxf5 Bd4+ 0-1